Complétez le titre des fables de la Fontaine - Statistiques

Statistiques générales
  • Ce quiz a été pris 255 fois
  • Le résultat moyen est 13 sur 15
Statistiques - réponses
Hint Réponse % Correct
Le corbeau et le _ Renard
100%
La _ et la fourmi Cigale
98%
Le loup et l' _ Agneau
97%
Le _ et la tortue Lièvre
97%
Le rat des villes et le _ des champs Rat
90%
L' _ et le maître d'école Enfant
89%
Les deux _ Mulets
89%
La _ et le pot au Lait Laitière
87%
Le _ et le roseau Chêne
86%
Le dragon à plusieurs têtes et le _ à plusieurs queues Dragon
81%
La _ qui voulait se faire aussi grosse que le boeuf Grenouille
81%
Le coche et la _ Mouche
80%
Le _ et le rat Lion
77%
Le _ et le chien Loup
77%
Le _ et la Perle Coq
71%
Aucun quiz correspondant
Distribution des résultats
% des personnes avec chaque résultat
Percentile par nombre de réponses
Votre historique - résultats
Vous n’avez pas pris ce quiz